1260 1448 1239 1339 1496 1866 1999 1753 1999 1833 1856 1100 1379 1072 1068 1505 1002 1751 1437 1183 1718 1241 1159 1206 1952 1839 1092 1079 1570 1007 1555 1967 1465 1800 1807 1836 1030 1241 1071 1348 1486 1832 1126 1049 1062 1333 1569 1175 1016 1937 1957 1348 1849 1177 1037 1945 1712 1101 1686 1534 1207 1366 1166 1811 1516 1006 1519 1459 1945 1288 1161 1505 1007 1712 1756 1442 1112 1740 1349 1463 1296 1337 1825 1183 1433 1752 1704 1468 1863 1405 1425 1582 1656 1818 1872 1870 1751 1984 1002 BCNSPRNW ULIB Ver.6.0+V

เปลี่ยนเป็นภาษาไทย

Change to English
 แสดงรายละเอียดบรรณานุกรม
  กลับหน้าหลัก

Brief Record : Get Marc (ISO 2709) : E-mail record : QR code < ปิดหน้าต่าง
LEADER : 00000nam 2200000uu 4500
001    13399122682
003     ULIB
008    130828s2009||||th 000 0 tha d
020    ^a9780230205901 (paperback)
060    ^a WY85^bE21
100 1  ^aEdwards, Steven D.
245 10 ^aNursing ethics : ^ba principle-based approach / ^cSteven D. Edwards.
250    ^a2nd Revised edition.
260    ^a[S.l.] : ^bPalgrave Macmillan, ^c2009.
300    ^a256 p. ; ^c24 cm.
520    ^aStruggling to understand ethics? Feeling lost when trying to handle moral dilemmas in professional practice? Worried about helping patients to make decisions in an ethical way? Nursing Ethics is an introductory text which enables you to consider, understand and tackle difficult moral problems. It takes a principle-based approach, which provides a practical and easy-to-apply framework for addressing ethical dilemmas. The book includes clear descriptions of moral theories and concepts and is packed with case examples -- giving it immediate relevance to everyday nursing situations. As well as being significantly revised and updated, this new edition includes discussion of the Nursing and Midwifery Code (2008) and an entire chapter dedicated to genetics and the related complex ethical issues. Simple, clear and accessible -- Nursing Ethics is an essential purchase for all students and practitioners of nursing and health care.
650  2 Ethics, Nursing
945    ^p2280^l0^i033943
999    ^aเกษร โพธิ์สุวรรณ
รายการนี้ยังไม่มีแท็ก
คุณยังไม่ได้ล็อกอิน คุณสามารถมีกิจกรรมร่วมกับเว็บไซต์ได้ แต่ต้องล็อกอินก่อน ::
  ล็อกอิน

รายการสื่อสารสนเทศ

ลำดับที่ ประเภท เลขเรียก/บาร์โค้ด สถานที่ สถานะ
1. Book การพยาบาล
Book การพยาบาล
WY85 E21  
  Barcode: 033943
ห้องสมุดวิทยาเขตสวรรค์ประชารักษ์
►หนังสือทั่วไป
บนชั้น

รายการใกล้เคียง
    หัวเรื่อง [Ethics, Nursing]

BibComment


ยังไม่เคยถูกคอมเมนท์

คอมเมนท์ทรัพยากรรายการนี้
  คอมเมนท์: Nursing ethics ..


 Copyright 2026. Bcnsprnw @Library